[Event "St Petersburg Autumn op"]
[Site "St Petersburg"]
[Date "2011.11.05"]
[Round "9"]
[White "Basencyan, Mark"]
[Black "Dmitriev, Sergei"]
[Result "1-0"]
[WhiteElo "2135"]
[BlackElo "1916"]
[PlyCount "127"]
[EventDate "2011.10.28"]
[EventType "swiss"]
[EventRounds "9"]
[EventCountry "RUS"]
[SourceTitle "EXT 2013"]
[Source "ChessBase"]
[SourceDate "2012.11.22"]
[SourceVersion "1"]
[SourceVersionDate "2012.11.22"]
[SourceQuality "1"]

1. d4 Nf6 2. Nf3 e6 3. Bf4 b6 4. e3 Bb7 5. h3 Bd6 6. Bxd6 cxd6 7. Nbd2 0-0 8. Bd3 Nc6 9. c3 Ne7 10. 0-0 Ng6 11. a4 d5 12. a5 Qe7 13. Qb3 Qd6 14. Qb4 Qxb4 15. cxb4 Ne7 16. b5 Rab8 17. Nb3 d6 18. Nfd2 Ne4 19. Nb1 f5 20. f3 Nf6 21. Nc3 Nd7 22. Na2 bxa5 23. Nxa5 Ba8 24. Nb4 f4 25. exf4 Rxf4 26. Nac6 Nxc6 27. Nxc6 Re8 28. Rxa7 Nb6 29. g3 Rf7 30. Bxh7+ Kf8 31. Bg6 Rxa7 32. Nxa7 Re7 33. Nc6 Bxc6 34. bxc6 Rc7 35. Rc1 Nc4 36. b3 Na5 37. Re1 Ke7 38. Bf5 Kf6 39. Bxe6 Nxc6 40. Bxd5 Nxd4 41. Rd1 Ke5 42. Bc4 d5 43. f4+ Ke4 44. Re1+ Kf3 45. Bxd5+ Kxg3 46. Re3+ Kh4 47. Bc4 Ra7 48. Kf2 Ra2+ 49. Be2 Rb2 50. Re5 Nxe2 51. Rxe2 Rxb3 52. Re5 Kxh3 53. Rg5 Rb4 54. Kf3 Rb3+ 55. Ke4 Rg3 56. Rh5+ Kg4 57. Ra5 g6 58. Rb5 Kh4 59. Rb8 Rg1 60. Rg8 Re1+ 61. Kf3 Rf1+ 62. Ke3 Re1+ 63. Kf2 Re6 64. Kf3 1-0

[Event "St Petersburg Autumn op"]
[Site "St Petersburg"]
[Date "2011.10.31"]
[Round "4"]
[White "Dmitriev, Sergei"]
[Black "Shakirova, Renata"]
[Result "1-0"]
[WhiteElo "1916"]
[BlackElo "1649"]
[PlyCount "117"]
[EventDate "2011.10.28"]
[EventType "swiss"]
[EventRounds "9"]
[EventCountry "RUS"]
[SourceTitle "EXT 2013"]
[Source "ChessBase"]
[SourceDate "2012.11.22"]
[SourceVersion "1"]
[SourceVersionDate "2012.11.22"]
[SourceQuality "1"]

1. d4 Nf6 2. c4 g6 3. Nf3 Bg7 4. e3 0-0 5. Be2 d6 6. 0-0 Nbd7 7. Nbd2 c5 8. d5 Ne8 9. Re1 Ne5 10. Nxe5 Bxe5 11. Qc2 Bg7 12. e4 Nf6 13. Nf1 a6 14. f3 Bd7 15. Ne3 b5 16. Rb1 b4 17. b3 a5 18. Bf1 a4 19. g4 axb3 20. axb3 Qc8 21. Bb2 Bh6 22. e5 Ne8 23. Bd3 e6 24. exd6 Nxd6 25. Be5 Ne8 26. dxe6 Bxe6 27. Nd5 Qd8 28. Be4 Ra7 29. Rbd1 Qh4 30. Bg3 Qg5 31. h4 Qd8 32. Nc7 Qc8 33. Nxe6 Qxe6 34. Bd5 Qc8 35. Ra1 Rxa1 36. Rxa1 Nc7 37. Be4 Qd7 38. Rd1 Qc8 39. Bd6 Re8 40. Bxc5 Ne6 41. Bf2 Nc5 42. Bd5 Bg7 43. Kg2 Qc7 44. Rh1 Ne6 45. Bxe6 Rxe6 46. h5 g5 47. Re1 Be5 48. Qd2 Qe7 49. Qd5 Qe8 50. c5 f6 51. Re4 Kg7 52. Rxb4 Kh6 53. Rb7 Re7 54. Rxe7 Qxe7 55. b4 Qe8 56. c6 Qb8 57. b5 Bc7 58. Qf7 Be5 59. b6 1-0

[Event "St Petersburg Autumn op"]
[Site "St Petersburg"]
[Date "2011.10.28"]
[Round "1"]
[White "Shchukin, Dmitry"]
[Black "Dmitriev, Sergei"]
[Result "1-0"]
[WhiteElo "2344"]
[BlackElo "1916"]
[PlyCount "129"]
[EventDate "2011.10.28"]
[EventType "swiss"]
[EventRounds "9"]
[EventCountry "RUS"]
[SourceTitle "EXT 2013"]
[Source "ChessBase"]
[SourceDate "2012.11.22"]
[SourceVersion "1"]
[SourceVersionDate "2012.11.22"]
[SourceQuality "1"]

1. e4 c5 2. Nf3 d6 3. d4 cxd4 4. Nxd4 Nf6 5. f3 Nc6 6. c4 Nxd4 7. Qxd4 e6 8. Nc3 Be7 9. Be3 0-0 10. Be2 e5 11. Qd2 Be6 12. 0-0 a6 13. Rfc1 Nd7 14. Nd5 Bxd5 15. cxd5 f5 16. exf5 Rxf5 17. Bd3 Rf8 18. b4 Nf6 19. Bf5 Kh8 20. Be6 Nh5 21. Rc4 Nf4 22. Rd1 Nxe6 23. dxe6 Rc8 24. Rg4 Rc6 25. Qd5 Qc8 26. a4 Qe8 27. b5 axb5 28. axb5 Rc3 29. Bg5 Bxg5 30. Rxg5 h6 31. Rg4 Rg8 32. Qxd6 Qxb5 33. e7 Rc6 34. Qd7 Qc5+ 35. Kh1 Rcc8 36. Rxg7 Rxg7 37. e8Q+ Rxe8 38. Qxe8+ Kh7 39. Qe6 Qc2 40. Rg1 Qe2 41. Qf5+ Kh8 42. g4 Qe3 43. Rd1 Qg5 44. Qe4 Rf7 45. Kg2 h5 46. h4 Qf4 47. Rd8+ Kg7 48. Qxf4 exf4 49. Kh3 Rf8 50. Rd7+ Rf7 51. Rd5 hxg4+ 52. Kxg4 Kh6 53. Rd6+ Kg7 54. Kg5 Rc7 55. Kxf4 Rc4+ 56. Kg5 b5 57. Rd7+ Kg8 58. f4 Rc5+ 59. f5 Kf8 60. Rb7 Rd5 61. Kg6 Rd1 62. Rb8+ Ke7 63. f6+ Kd7 64. f7 Rg1+ 65. Kh7 1-0